000 00325nam a2200145Ia 4500
008 210210b1980 xxu||||| |||| 00| 0 eng d
041 _aeng
082 _a869/324
100 _aTRIPATI (Ram Naresh)
245 _aSubhadra
260 _aPrayAg
_b-
_c1980
650 _aSubhadra
690 _aHindi Fiction
906 _a024123
999 _c149085
_d149085